书目信息 |
| 题名: |
组合机床自动线
|
|
| 作者: | Тартаковский , 塔尔塔可夫斯基 著 ;盛寿明 译 | |
| 分册: | ||
| 出版信息: | 上海 上海科学技术出版社 1978 |
|
| 页数: | 576页 | |
| 开本: | 19cm | |
| 丛书名: | ||
| 单 册: | ||
| 中图分类: | TG65 | |
| 科图分类: | ||
| 主题词: | 自动线-组合机床 , 组合机床-自动线 | |
| 电子资源: | ||
| ISBN: | ||
| 000 | 00787nam0 2200253 45 | |
| 001 | 0178002111 | |
| 005 | 20061126154523.46 | |
| 010 | @dCNY1.70 | |
| 091 | @aCN@b15119.1903 | |
| 100 | @a19950731d1978 em y0chiy0121 ea | |
| 101 | 1 | @achi@crus |
| 102 | @aCN@b310000 | |
| 105 | @ay z 000yy | |
| 200 | 10 | @a组合机床自动线@Azu he ji chuang zi dong xian@f(苏)塔尔塔可夫斯基(В.Г.Тартаковский)著@g盛寿明等译 |
| 210 | @a上海@c上海科学技术出版社@d1978 | |
| 215 | @a576页@d19cm | |
| 606 | @a自动线-组合机床 | |
| 606 | @a组合机床-自动线 | |
| 690 | @aTG65@v3 | |
| 701 | A1 | @aТартаковский@bВ.Г.@4著 |
| 701 | 1 | @a塔尔塔可夫斯基@Ata er ta ke fu si ji@bВ.Г.@4著 |
| 702 | 0 | @a盛寿明@Asheng shou ming@4译 |
| 801 | 0 | @aCN@bTSSF@c20061126 |
| 905 | @a10447@dTG65@e1 | |
| 组合机床自动线/(苏)塔尔塔可夫斯基(В.Г.Тартаковский)著/盛寿明等译.-上海:上海科学技术出版社,1978 |
| 576页;19cm |
| ISBN :CNY1.70 |
| ● |
| 相关链接 |
|
|
|
|
正题名:组合机床自动线
索取号:TG65/1
 
预约/预借
| 序号 | 登录号 | 条形码 | 馆藏地/架位号 | 状态 | 备注 |
| 1 | 0003106 | 001363606 | 第二样本阅览室/ [索取号:TG65/1] | 在馆 |